Statistiques concernant 1er tour 2022: Les 5 départements ayant le plus voté Macron

Cliquez ici pour prendre le quiz!

Statistiques générales

  • Ce quiz a été pris 84 fois
  • Le résultat moyen est 3 sur 5

Statistiques - réponses

% des suffrages exprimésDépartement% Correct
35,33Paris
95%
37,1Hauts de Seine
53%
35,6Vendée
42%
35,6Maine et loire
39%
36,4Mayenne
34%

Distribution des résultats

Percentile par nombre de réponses

% des personnes avec chaque résultat

Votre développement - résultats

Vous n’avez pas pris ce quiz